[Event "24.Schlosspark-Open"]
[Site "Wiesbaden-Biebrich"]
[Date "2012.08.23"]
[Round "1.1"]
[White "Korneev, Oleg"]
[Black "Fröhlich-Dill, Astrid"]
[Result "1-0"]
[WhiteElo "2581"]
[BlackElo "1931"]
[PlyCount "77"]
[EventDate "2012.??.??"]
[WhiteTeam "vereinslos"]
[BlackTeam "SV 1920 Hofheim"]

1. e4 c5 2. Nf3 Nc6 3. d4 cxd4 4. Nxd4 e6 5. Nb5 d6 6. Bf4 e5 7. Be3 Nf6 8. Bg5
a6 9. Bxf6 gxf6 10. N5c3 f5 11. Qh5 Nd4 12. Bc4 Qc7 13. Nd2 b5 14. Nd5 Qd8 15.
Bb3 Nxb3 16. axb3 Be6 17. O-O-O Bxd5 18. exd5 Qf6 19. g4 fxg4 20. Qxg4 Bh6 21.
Kb1 Bxd2 22. Rxd2 h5 23. Qh3 Qf4 24. Qc3 Rg8 25. Rd3 Qf5 26. Rf3 Qd7 27. Re1
Rc8 28. Qd3 Rg7 29. Rf5 Rg2 30. Rxh5 Qg4 31. Rh8+ Ke7 32. Rxc8 Qxc8 33. f4 f6
34. fxe5 dxe5 35. d6+ Kd8 36. Qh7 Qe6 37. Qc7+ Ke8 38. Qc6+ Kd8 39. Qxg2 1-0

[Event "24.Schlosspark-Open"]
[Site "Wiesbaden-Biebrich"]
[Date "2012.08.23"]
[Round "1.2"]
[White "Winand, Edgar"]
[Black "Levin, Felix"]
[Result "0-1"]
[WhiteElo "1927"]
[BlackElo "2510"]
[PlyCount "28"]
[EventDate "2012.??.??"]
[WhiteTeam "SC Eschbach im Usinger Land"]
[BlackTeam "SV Mülheim-Nord 1931 e"]

1. Nf3 c5 2. e3 g6 3. d4 Nf6 4. b3 cxd4 5. exd4 Bg7 6. Bb2 O-O 7. Be2 d5 8. O-O
Nc6 9. Ne5 Bf5 10. Nxc6 bxc6 11. c4 dxc4 12. bxc4 Rb8 13. Bc1 Rxb1 14. Rxb1
Bxb1 0-1

[Event "24.Schlosspark-Open"]
[Site "Wiesbaden-Biebrich"]
[Date "2012.08.23"]
[Round "1.3"]
[White "Meijers, Viesturs"]
[Black "Kellerwessel, Ralf"]
[Result "1-0"]
[WhiteElo "2492"]
[BlackElo "1916"]
[PlyCount "57"]
[EventDate "2012.??.??"]
[WhiteTeam "ESV Nickelhütte Aue"]
[BlackTeam "SC Bad Soden"]

1. e4 e6 2. d3 Nf6 3. Nf3 d5 4. Nbd2 Be7 5. g3 b6 6. Bg2 dxe4 7. dxe4 Bb7 8.
Qe2 c5 9. O-O Nc6 10. e5 Nd7 11. Rd1 Qc7 12. Nc4 O-O 13. Nd6 Rad8 14. Nxb7 Qxb7
15. b3 Qc8 16. Bb2 Kh8 17. h4 f5 18. exf6 Bxf6 19. Bxf6 Rxf6 20. Ng5 h6 21. Qe4
hxg5 22. hxg5 Rxf2 23. Kxf2 Rf8+ 24. Ke2 Nd4+ 25. Rxd4 cxd4 26. Rh1+ Kg8 27.
Qxe6+ Rf7 28. Kd1 d3 29. c4 1-0

[Event "24.Schlosspark-Open"]
[Site "Wiesbaden-Biebrich"]
[Date "2012.08.23"]
[Round "1.4"]
[White "Geyler, Stefan"]
[Black "Poetsch, Hagen"]
[Result "0-1"]
[WhiteElo "1915"]
[BlackElo "2462"]
[PlyCount "104"]
[EventDate "2012.??.??"]
[WhiteTeam "Düsseldorfer SK 14/25 e."]
[BlackTeam "Wiesbadener SV 1885"]

1. e4 Nc6 2. Nf3 f5 3. exf5 d5 4. d4 Bxf5 5. Bd3 Bg4 6. c3 e5 7. dxe5 Nxe5 8.
Be2 Bxf3 9. Bxf3 Nf6 10. Bg5 c6 11. O-O Bd6 12. Bh5+ g6 13. Be2 O-O 14. Nd2 Qc7
15. Bh4 Rae8 16. Bg3 Bc5 17. Nb3 Bb6 18. Nd4 Qf7 19. Nf3 Neg4 20. Nd4 Qd7 21.
Bxg4 Nxg4 22. Qd2 Nf6 23. f3 Nh5 24. Bf2 Bc7 25. Rae1 Bf4 26. Be3 Be5 27. Bh6
Rf7 28. f4 Bc7 29. Rxe8+ Qxe8 30. Re1 Qd7 31. f5 Bb6 32. fxg6 hxg6 33. Qe3 Nf6
34. Qg3 Qf5 35. Be3 Qh5 36. Ne6 Ne4 37. Qb8+ Kh7 38. Bxb6 axb6 39. Nd4 Qh4 40.
g3 Qh3 41. Qe8 Rf2 42. Qe7+ Kh6 43. Qh4+ Qxh4 44. gxh4 Rxb2 45. Re2 Rb1+ 46.
Kg2 Rc1 47. Rb2 b5 48. Nxb5 cxb5 49. Rxb5 Rc2+ 50. Kg1 Nxc3 51. Rxb7 d4 52. Rb8
d3 0-1

[Event "24.Schlosspark-Open"]
[Site "Wiesbaden-Biebrich"]
[Date "2012.08.23"]
[Round "1.5"]
[White "Boidman, Yuri"]
[Black "Ottway, Christopher"]
[Result "1-0"]
[WhiteElo "2427"]
[BlackElo "1913"]
[PlyCount "53"]
[EventDate "2012.??.??"]
[WhiteTeam "SC Heimbach-Weis/Neuwied"]
[BlackTeam "Biebertaler SF"]

1. e4 e6 2. Nf3 d5 3. Nc3 dxe4 4. Nxe4 Bd7 5. Ne5 Nc6 6. Nxd7 Qxd7 7. Bb5 a6 8.
Ba4 Be7 9. O-O Nf6 10. Qf3 O-O 11. Bxc6 bxc6 12. d3 Rab8 13. b3 Nd5 14. Bb2 f6
15. c4 Nb6 16. Rad1 e5 17. Qg3 Qf5 18. f4 exf4 19. Rxf4 Qg6 20. Rg4 Qf7 21. Rf1
Kh8 22. Ng5 fxg5 23. Rxf7 Rxf7 24. h4 Bc5+ 25. Kh2 Rf1 26. Qxc7 Rg8 27. Rxg5
1-0

[Event "24.Schlosspark-Open"]
[Site "Wiesbaden-Biebrich"]
[Date "2012.08.23"]
[Round "1.6"]
[White "Beck, Michael"]
[Black "Müller, Ralf"]
[Result "0-1"]
[WhiteElo "1909"]
[BlackElo "2414"]
[PlyCount "56"]
[EventDate "2012.??.??"]
[WhiteTeam "SC Flörsheim 1921"]
[BlackTeam "SG Stern Stuttgart"]

1. Nf3 Nf6 2. c4 c5 3. Nc3 Nc6 4. d4 cxd4 5. Nxd4 e6 6. Nc2 d5 7. cxd5 Nxd5 8.
Nxd5 exd5 9. Be3 Bf5 10. a3 Qa5+ 11. Bd2 Qb6 12. Bc3 Bc5 13. e3 O-O 14. Bd3
Bxd3 15. Qxd3 Rad8 16. O-O d4 17. exd4 Nxd4 18. Rae1 Nb5 19. Qg3 Nxc3 20. Qxc3
Rc8 21. Ne3 Bd4 22. Nd5 Bxc3 23. Nxb6 Bxe1 24. Nxc8 Bxf2+ 25. Rxf2 Rxc8 26. Rd2
g5 27. Rd7 Rc1+ 28. Kf2 Rc2+ 0-1

[Event "24.Schlosspark-Open"]
[Site "Wiesbaden-Biebrich"]
[Date "2012.08.23"]
[Round "1.7"]
[White "Geske, Julian"]
[Black "Witte, Volker"]
[Result "1-0"]
[WhiteElo "2391"]
[BlackElo "1903"]
[PlyCount "87"]
[EventDate "2012.??.??"]
[WhiteTeam "Wiesbadener SV 1885"]
[BlackTeam "SF Schlebusch"]

1. e4 c6 2. d4 d5 3. Nc3 dxe4 4. Nxe4 Bf5 5. Ng3 Bg6 6. h4 h6 7. Nf3 Nd7 8. h5
Bh7 9. Bd3 Bxd3 10. Qxd3 e6 11. Bf4 Qa5+ 12. Bd2 Qc7 13. O-O-O Ngf6 14. Ne4
O-O-O 15. g3 Nxe4 16. Qxe4 Nf6 17. Qe2 Bd6 18. c4 c5 19. Bc3 Rhe8 20. dxc5 Qxc5
21. Ne5 Bxe5 22. Bxe5 Rxd1+ 23. Rxd1 Rd8 24. Rxd8+ Kxd8 25. Kb1 Kc8 26. b3 a6
27. Kb2 Kd7 28. a3 Ke7 29. b4 Qc6 30. g4 Ne8 31. f3 f6 32. Bd4 Nd6 33. Kb3 Kf7
34. Qd3 Kg8 35. a4 Kf7 36. b5 Qc8 37. Bxf6 Qxc4+ 38. Qxc4 Nxc4 39. Kxc4 Kxf6
40. bxa6 bxa6 41. Kb4 Ke5 42. Ka5 Kf4 43. Kxa6 Kxf3 44. Kb5 1-0

[Event "24.Schlosspark-Open"]
[Site "Wiesbaden-Biebrich"]
[Date "2012.08.23"]
[Round "1.8"]
[White "Gebben, Alwin"]
[Black "Gawehns, Klaus"]
[Result "0-1"]
[WhiteElo "1902"]
[BlackElo "2378"]
[PlyCount "28"]
[EventDate "2012.??.??"]
[WhiteTeam "SK Nordhorn-Blanke"]
[BlackTeam "SG Rheinbreitbach-Linz"]

1. e4 e6 2. d4 d5 3. e5 c5 4. c3 Bd7 5. Nf3 Nc6 6. Be3 Qb6 7. Qd2 Rc8 8. Bd3
cxd4 9. cxd4 Nb4 10. Nc3 Nxd3+ 11. Qxd3 Qxb2 12. Rc1 Bb4 13. Bd2 Qxc1+ 14. Bxc1
Rxc3 0-1

[Event "24.Schlosspark-Open"]
[Site "Wiesbaden-Biebrich"]
[Date "2012.08.23"]
[Round "1.9"]
[White "Carlstedt, Jonathan"]
[Black "Thomele, Michael"]
[Result "1-0"]
[WhiteElo "2352"]
[BlackElo "1895"]
[PlyCount "89"]
[EventDate "2012.??.??"]
[WhiteTeam "Wiesbadener SV 1885"]
[BlackTeam "SC 1959 Obernau"]

1. c4 e5 2. g3 Nf6 3. Bg2 Nc6 4. Nc3 d6 5. e4 Be7 6. Nge2 Be6 7. Nd5 h5 8. h3
Qd7 9. d4 Bxd5 10. cxd5 Nxd4 11. Nxd4 exd4 12. Qxd4 Qb5 13. Bf1 Qd7 14. Be3 c5
15. dxc6 bxc6 16. Bg2 O-O 17. O-O Rab8 18. Rfd1 Qb7 19. b3 a5 20. Rac1 c5 21.
Qa4 Qb4 22. Rc4 Qb5 23. Qxb5 Rxb5 24. Bd2 Re8 25. e5 dxe5 26. Bc6 Rbb8 27. Bxe8
Rxe8 28. Bxa5 Ra8 29. Bb6 Rxa2 30. Bxc5 Bxc5 31. Rxc5 Ne4 32. Rxe5 Nxf2 33.
Rd8+ Kh7 34. Rxh5+ Kg6 35. g4 Rb2 36. Rd4 f6 37. b4 Kf7 38. b5 g6 39. Rh7+ Ke6
40. b6 Ke5 41. Rc4 Nd3 42. b7 Rb1+ 43. Kh2 Rb2+ 44. Kg3 Rb3 45. Rc3 1-0

[Event "24.Schlosspark-Open"]
[Site "Wiesbaden-Biebrich"]
[Date "2012.08.23"]
[Round "1.10"]
[White "Lanz, Udo"]
[Black "Schröder, Jan-Christian"]
[Result "0-1"]
[WhiteElo "1893"]
[BlackElo "2332"]
[PlyCount "26"]
[EventDate "2012.??.??"]
[WhiteTeam "SC Eberbach"]
[BlackTeam "SV 1920 Hofheim"]

1. e4 e5 2. f4 Bc5 3. Nf3 d6 4. Bc4 Nf6 5. d3 Nc6 6. Qe2 Bg4 7. c3 Qe7 8. Be3
Bxe3 9. Qxe3 exf4 10. Qxf4 Bxf3 11. gxf3 Ne5 12. Nd2 d5 13. d4 Nxc4 0-1

[Event "24.Schlosspark-Open"]
[Site "Wiesbaden-Biebrich"]
[Date "2012.08.23"]
[Round "1.11"]
[White "Junesch, Gerhard"]
[Black "Mager, Thomas"]
[Result "1-0"]
[WhiteElo "2291"]
[BlackElo "1883"]
[PlyCount "80"]
[EventDate "2012.??.??"]
[WhiteTeam "SC Erdmannhausen"]
[BlackTeam "SK 1929 Mainaschaff"]

1. Nf3 f5 2. g3 Nf6 3. Bg2 g6 4. b4 Bg7 5. Bb2 O-O 6. c4 d6 7. d4 a5 8. b5 Qe8
9. Nbd2 Nbd7 10. O-O h6 11. Re1 Qf7 12. Qc2 Nb6 13. Rac1 Bd7 14. d5 c6 15. dxc6
bxc6 16. Nd4 Rac8 17. Nxc6 f4 18. Bd4 Bf5 19. Qc3 Nbd7 20. gxf4 Nc5 21. Qe3 Ne6
22. Bxf6 Bxf6 23. Bd5 Kh7 24. Ne4 Bb2 25. Rb1 Qg7 26. Bxe6 Bxe6 27. Nxd6 exd6
28. Qxe6 Bc3 29. Red1 Rce8 30. Qg4 Re4 31. e3 Qf6 32. Qd7+ Qf7 33. Qxd6 Re6 34.
Qd5 g5 35. f5 Ree8 36. b6 Be5 37. b7 Qxf5 38. Nxe5 Qxf2+ 39. Kh1 Rxe5 40. Qg2
Qxe3 1-0

[Event "24.Schlosspark-Open"]
[Site "Wiesbaden-Biebrich"]
[Date "2012.08.23"]
[Round "1.12"]
[White "Bolduan, Michael"]
[Black "Jahnel, Günther"]
[Result "0-1"]
[WhiteElo "1889"]
[BlackElo "2282"]
[PlyCount "90"]
[EventDate "2012.??.??"]
[WhiteTeam "SC Taunusstein 1966"]
[BlackTeam "FVS ASP Hoyerswerda"]

1. e4 d6 2. d4 Nf6 3. Nc3 g6 4. Bc4 c6 5. Qe2 b5 6. Bd3 b4 7. e5 dxe5 8. dxe5
bxc3 9. exf6 Qa5 10. b3 Be6 11. fxe7 Bxe7 12. Nf3 O-O 13. O-O Bf6 14. Bf4 Nd7
15. Rfe1 Bd5 16. Bc4 Nb6 17. Bd3 Qb4 18. Be3 Rfe8 19. Qd1 Rad8 20. h3 Re6 21.
a3 Qd6 22. b4 Qc7 23. Nd4 Ree8 24. Ne2 Na4 25. Qc1 Qb7 26. Bg5 Bxg5 27. Qxg5
Nb2 28. Nf4 Nxd3 29. Nxd3 Kg7 30. Nc5 Qb5 31. Re7 Qb8 32. Rae1 Rxe7 33. Rxe7
Ba2 34. Rd7 Re8 35. Nd3 Bc4 36. g3 Qc8 37. Ne5 Bd5 38. Qg4 Kg8 39. f4 h5 40.
Qg5 Be6 41. Rxa7 Qb8 42. Nxc6 Qd6 43. Ne7+ Rxe7 44. Rxe7 Qd1+ 45. Kg2 Qxc2+ 0-1

[Event "24.Schlosspark-Open"]
[Site "Wiesbaden-Biebrich"]
[Date "2012.08.23"]
[Round "1.13"]
[White "Krenz, Valeriy"]
[Black "Lukas, Sebastian"]
[Result "1-0"]
[WhiteElo "2261"]
[BlackElo "1887"]
[PlyCount "45"]
[EventDate "2012.??.??"]
[WhiteTeam "SAbt TuS Dotzheim"]
[BlackTeam "SC 1979 Hattersheim"]

1. d4 Nf6 2. c4 e6 3. Nc3 d5 4. Bg5 Be7 5. e3 h6 6. Bxf6 Bxf6 7. Nf3 Nd7 8.
cxd5 Nb6 9. Bb5+ Bd7 10. dxe6 fxe6 11. Bd3 O-O 12. Bc2 Bc6 13. Qd3 Qd6 14.
O-O-O Nd5 15. Qh7+ Kf7 16. Ne4 Qe7 17. Nc5 Ke8 18. Qe4 Nb4 19. Qxe6 Bd5 20.
Bg6+ Kd8 21. Qxe7+ Kxe7 22. a3 Nc6 23. Be4 1-0

[Event "24.Schlosspark-Open"]
[Site "Wiesbaden-Biebrich"]
[Date "2012.08.23"]
[Round "1.14"]
[White "Rolf, Marco"]
[Black "Kayser, Felix"]
[Result "0-1"]
[WhiteElo "1881"]
[BlackElo "2220"]
[PlyCount "62"]
[EventDate "2012.??.??"]
[WhiteTeam "SK Bad Homburg 1927"]
[BlackTeam "Wiesbadener SV 1885"]

1. d4 d5 2. c4 dxc4 3. Nc3 a6 4. e3 b5 5. a4 b4 6. Na2 e6 7. Bxc4 Bb7 8. Nf3
Nf6 9. O-O Nbd7 10. Bd2 a5 11. Nc1 Bd6 12. Nb3 O-O 13. Qe2 Qe7 14. Rfc1 e5 15.
dxe5 Nxe5 16. Nbd4 Nxf3+ 17. gxf3 Qe5 18. f4 Qe4 19. f3 Qg6+ 20. Qg2 Qh5 21.
Kf2 c5 22. Rg1 g6 23. Nb5 Rad8 24. Nxd6 Rxd6 25. Be1 Rfd8 26. b3 Rd2+ 27. Bxd2
Rxd2+ 28. Be2 Ne4+ 29. Kf1 Nc3 30. Re1 Rxe2 31. Rxe2 Ba6 0-1

[Event "24.Schlosspark-Open"]
[Site "Wiesbaden-Biebrich"]
[Date "2012.08.23"]
[Round "1.15"]
[White "Nagel, Bernhard"]
[Black "Launert, Martin"]
[Result "1-0"]
[WhiteElo "2223"]
[BlackElo "1870"]
[PlyCount "97"]
[EventDate "2012.??.??"]
[WhiteTeam "Wiesbadener SV 1885"]
[BlackTeam "Sfr.Erbach"]

1. Nf3 Nf6 2. c4 c6 3. d4 d5 4. Nc3 g6 5. cxd5 cxd5 6. Bf4 a6 7. e3 Bg7 8. h3
Nc6 9. Bd3 O-O 10. O-O b5 11. Ne5 Bb7 12. Nxc6 Bxc6 13. Qb3 Re8 14. Be5 e6 15.
Rfc1 Bf8 16. a4 bxa4 17. Nxa4 Bxa4 18. Rxa4 Ne4 19. Bxe4 dxe4 20. Qb7 Qd5 21.
Qxd5 exd5 22. Ra5 Red8 23. Rc6 Rdc8 24. Raxa6 Rxc6 25. Rxa8 f6 26. Bg3 Kf7 27.
Ra7+ Be7 28. Rb7 Ke6 29. b4 h5 30. h4 Bd8 31. Kf1 Rb6 32. Rb8 Rxb8 33. Bxb8 Bb6
34. Ke2 Kd7 35. b5 Ke6 36. f3 g5 37. hxg5 fxg5 38. Kf2 Kd7 39. Be5 Ke6 40. f4
g4 41. Kg3 Bd8 42. Bb8 Kd7 43. f5 Bg5 44. Bf4 Bf6 45. Bh6 Kc7 46. Kf4 Kb6 47.
Bg5 Bg7 48. f6 Bf8 49. Ke5 1-0

[Event "24.Schlosspark-Open"]
[Site "Wiesbaden-Biebrich"]
[Date "2012.08.23"]
[Round "1.17"]
[White "Kiese, Matth"]
[Black "Anders, Eric"]
[Result "1-0"]
[WhiteElo "2220"]
[BlackElo "1842"]
[PlyCount "55"]
[EventDate "2012.??.??"]
[WhiteTeam "Bochumer SV 02"]
[BlackTeam "TSV Schott Mainz"]

1. d4 Nf6 2. Nf3 g6 3. c4 Bg7 4. Nc3 d6 5. e4 O-O 6. Be2 Nc6 7. d5 Nb4 8. O-O
a5 9. h3 e5 10. Ne1 Ne8 11. a3 Na6 12. b4 axb4 13. axb4 Bd7 14. Nd3 b6 15. Be3
f5 16. Ra3 f4 17. Bd2 Qc8 18. Bg4 Nf6 19. Bxd7 Nxd7 20. Qg4 h5 21. Qxg6 Nf6 22.
Rfa1 Qb7 23. Kh2 c6 24. dxc6 Qxc6 25. Rxa6 Rxa6 26. Rxa6 Qxc4 27. Ra7 Ne8 28.
Nd5 1-0

[Event "24.Schlosspark-Open"]
[Site "Wiesbaden-Biebrich"]
[Date "2012.08.23"]
[Round "1.18"]
[White "Ivkin, Michael"]
[Black "Chandler, Patrick"]
[Result "0-1"]
[WhiteElo "1827"]
[BlackElo "2218"]
[PlyCount "74"]
[EventDate "2012.??.??"]
[WhiteTeam "Wiesbadener SV 1885"]
[BlackTeam "Sfr. Schöneck"]

1. d4 Nf6 2. Nf3 g6 3. e3 Bg7 4. Bd3 O-O 5. Nbd2 d6 6. b3 Nc6 7. Bb2 b6 8. Ne4
Nb4 9. Nxf6+ Bxf6 10. Be2 Bf5 11. Bd3 Nxd3+ 12. cxd3 c5 13. Qd2 Re8 14. e4 Bg4
15. d5 e5 16. Bc1 Bxf3 17. gxf3 Rf8 18. Qh6 Bg7 19. Qh3 f5 20. Bh6 Qf6 21. Bxg7
Kxg7 22. Qg2 Rf7 23. h4 fxe4 24. fxe4 Raf8 25. Rh2 Kh8 26. Ke2 Qe7 27. Qg5 Rf6
28. Rg1 Qf7 29. Rgg2 Qg7 30. h5 Rg8 31. h6 Qf7 32. Rg3 Rf8 33. Qe3 Qb7 34. Qc1
Qa6 35. Qc2 Rf4 36. Ke3 Qa5 37. Rgg2 Qe1+ 0-1

[Event "24.Schlosspark-Open"]
[Site "Wiesbaden-Biebrich"]
[Date "2012.08.23"]
[Round "1.19"]
[White "Seegers, Hendrik"]
[Black "Mang, Markus"]
[Result "1-0"]
[WhiteElo "2217"]
[BlackElo "1827"]
[PlyCount "69"]
[EventDate "2012.??.??"]
[WhiteTeam "SF Neuenkirchen"]
[BlackTeam "SG Kaiserslautern 1905"]

1. d4 d5 2. Nf3 Nf6 3. Bf4 Bf5 4. e3 Nbd7 5. Bd3 Bxd3 6. Qxd3 e6 7. Nbd2 c5 8.
c3 Qb6 9. O-O Bd6 10. Bxd6 Qxd6 11. Rad1 cxd4 12. exd4 a6 13. Rfe1 b5 14. Ne5
Nb6 15. Qc2 Rc8 16. a3 h6 17. f4 O-O 18. f5 Rfe8 19. Re3 Rc7 20. Rde1 Rce7 21.
fxe6 Rxe6 22. Qf5 Nc4 23. Ndxc4 bxc4 24. g4 R8e7 25. Rf1 Qc7 26. Ref3 Rxe5 27.
dxe5 Rxe5 28. Qf4 Qe7 29. h3 Re4 30. Qf5 Re5 31. Qf4 Re4 32. Qg3 Re2 33. R1f2
Qc5 34. Kg2 Ne4 35. Qb8+ 1-0

[Event "24.Schlosspark-Open"]
[Site "Wiesbaden-Biebrich"]
[Date "2012.08.23"]
[Round "1.20"]
[White "Steimbach, Isabel"]
[Black "Stabolewski, Andreas"]
[Result "0-1"]
[WhiteElo "1718"]
[BlackElo "2214"]
[PlyCount "64"]
[EventDate "2012.??.??"]
[WhiteTeam "OSG Baden-Baden"]
[BlackTeam "vereinslos"]

1. e4 c5 2. c3 b6 3. d4 Bb7 4. Bd3 Nf6 5. Qe2 cxd4 6. cxd4 Nc6 7. Nf3 Nb4 8.
Bc4 Rc8 9. a3 b5 10. Nc3 Rxc4 11. axb4 a6 12. O-O Qc8 13. Bf4 e6 14. Rfc1 Bxb4
15. Ne5 Rxc3 16. bxc3 Bxc3 17. Qd3 b4 18. f3 O-O 19. Bd2 d5 20. Bxc3 dxe4 21.
fxe4 bxc3 22. Rxc3 Qa8 23. Rca3 Nxe4 24. Qe2 Nd6 25. Nd7 Re8 26. Nc5 Nb5 27.
Nxa6 Nxa3 28. Nc7 Qa4 29. Nxe8 Qxd4+ 30. Kf1 Qxa1+ 31. Kf2 Qd4+ 32. Kf1 Be4 0-1

[Event "24.Schlosspark-Open"]
[Site "Wiesbaden-Biebrich"]
[Date "2012.08.23"]
[Round "1.21"]
[White "Puschendorf, Steffen"]
[Black "Dehning-Busse, Karsten"]
[Result "1-0"]
[WhiteElo "2210"]
[BlackElo "1824"]
[PlyCount "135"]
[EventDate "2012.??.??"]
[WhiteTeam "ESV Gera"]
[BlackTeam "SF Lilienthal von 1971"]

1. d4 d6 2. c4 Nf6 3. Nc3 g6 4. e4 Bg7 5. f3 Nbd7 6. Be3 e5 7. Nge2 O-O 8. Qd2
c6 9. dxe5 dxe5 10. O-O-O Qc7 11. Ng3 Re8 12. Be2 Nf8 13. Qd6 Qxd6 14. Rxd6 Ne6
15. Rhd1 Nf4 16. Bf1 Be6 17. Nge2 Nxe2+ 18. Bxe2 Bf8 19. R6d2 b6 20. Kc2 Be7
21. a3 Rad8 22. b4 Rxd2+ 23. Rxd2 Rd8 24. Rxd8+ Bxd8 25. Bd3 Bc7 26. a4 Nd7 27.
g3 f6 28. b5 c5 29. Nd5 Bxd5 30. cxd5 g5 31. Bf1 Bd6 32. h4 h6 33. Bh3 Nf8 34.
Bf5 Kg7 35. hxg5 hxg5 36. Bd2 Ng6 37. Kd3 Ne7 38. Be6 Ng6 39. Ke2 Ne7 40. Kf2
Kg6 41. Bc3 Bc7 42. Kg2 Bd6 43. Kh3 Bc7 44. Kg4 Bd6 45. Bd2 Kg7 46. f4 gxf4 47.
gxf4 Ng6 48. fxe5 fxe5 49. a5 Nf4 50. Bd7 Kf7 51. Kf3 Ke7 52. Bg4 bxa5 53. Bxa5
c4 54. Ke3 Bc5+ 55. Kd2 Kd6 56. Kc3 Bd4+ 57. Kxc4 Ng2 58. Bb4+ Kc7 59. d6+ Kb6
60. Bd7 a6 61. bxa6 Kxa6 62. Kd5 Ne3+ 63. Kc6 Nc4 64. Bc8+ Ka7 65. d7 Bb6 66.
Bc5 Na5+ 67. Kb5 Bxc5 68. d8=Q 1-0

[Event "24.Schlosspark-Open"]
[Site "Wiesbaden-Biebrich"]
[Date "2012.08.23"]
[Round "1.22"]
[White "Rüll, Michael"]
[Black "Dorst, Johannes"]
[Result "0-1"]
[WhiteElo "1815"]
[BlackElo "2209"]
[PlyCount "54"]
[EventDate "2012.??.??"]
[WhiteTeam "SC 1952 Obertshausen"]
[BlackTeam "SK Marburg 1931/72"]

1. e4 c5 2. Nf3 Nc6 3. g3 g6 4. Bg2 Bg7 5. O-O d6 6. d3 e5 7. a4 f5 8. Na3 Nf6
9. Nh4 f4 10. gxf4 Nh5 11. Nf5 Bxf5 12. exf5 Qh4 13. Nb5 O-O 14. Bd5+ Kh8 15.
Nxd6 exf4 16. Nf7+ Rxf7 17. Bxf7 Ne5 18. Bd5 Ng4 19. Kg2 f3+ 20. Kxf3 Nxh2+ 21.
Kg2 Nxf1 22. Kxf1 Rf8 23. Bxb7 Rxf5 24. Be3 Qh3+ 25. Kg1 Be5 26. Bg2 Qh2+ 27.
Kf1 Ng3+ 0-1

[Event "24.Schlosspark-Open"]
[Site "Wiesbaden-Biebrich"]
[Date "2012.08.23"]
[Round "1.23"]
[White "Tischendorf, Michael"]
[Black "Sonnhoff, Werner"]
[Result "1-0"]
[WhiteElo "2198"]
[BlackElo "1815"]
[PlyCount "73"]
[EventDate "2012.??.??"]
[WhiteTeam "SV 1920 Hofheim"]
[BlackTeam "SV Turm Lahnstein"]

1. c4 e6 2. g3 d5 3. Bg2 c6 4. Nf3 f5 5. O-O Nf6 6. b3 Bd6 7. Ba3 O-O 8. d4 b6
9. Ne5 Bb7 10. Qc2 c5 11. e3 Nbd7 12. Nd3 Rc8 13. Nc3 Ne4 14. Nb5 Bb8 15. f3
Nd6 16. Nxd6 Bxd6 17. Rad1 Qe7 18. f4 Nf6 19. dxc5 bxc5 20. Bb2 Ne4 21. Be5
Bxe5 22. Nxe5 Rcd8 23. Bxe4 fxe4 24. Qc3 Rd6 25. cxd5 exd5 26. Qxc5 Rc8 27. Qb4
a5 28. Qd4 Rc2 29. Rf2 Qc7 30. Rxc2 Qxc2 31. Qd2 Qc5 32. Qd4 Qa3 33. Nc4 Qb4
34. Nxd6 Qxd6 35. Rc1 Ba6 36. Qc5 Qd8 37. Qc6 1-0

[Event "24.Schlosspark-Open"]
[Site "Wiesbaden-Biebrich"]
[Date "2012.08.23"]
[Round "1.24"]
[White "Aab, Manfred"]
[Black "Haas, Frank-Martin"]
[Result "0-1"]
[WhiteElo "1808"]
[BlackElo "2184"]
[PlyCount "44"]
[EventDate "2012.??.??"]
[WhiteTeam "SG Stern Stuttgart"]
[BlackTeam "SV 1947 Walldorf"]

1. d4 e6 2. c4 Bb4+ 3. Nc3 f5 4. Bd2 Nf6 5. a3 Bxc3 6. Bxc3 b6 7. Nf3 Bb7 8. e3
O-O 9. Be2 Ne4 10. Qc2 d6 11. O-O Nd7 12. Be1 Rf6 13. Rd1 Rg6 14. g3 Rh6 15. b4
c5 16. dxc5 bxc5 17. bxc5 Ndxc5 18. Bb4 Rc8 19. Nd4 Qh4 20. Nf3 Qh3 21. Bxc5
Ng5 22. Nh4 Rxh4 0-1

[Event "24.Schlosspark-Open"]
[Site "Wiesbaden-Biebrich"]
[Date "2012.08.23"]
[Round "1.25"]
[White "Pioch, Thomas"]
[Black "Anhalt, Albert"]
[Result "1/2-1/2"]
[WhiteElo "2183"]
[BlackElo "1807"]
[PlyCount "140"]
[EventDate "2012.??.??"]
[WhiteTeam "Sfr.Mainz 1928"]
[BlackTeam "SG Turm Idstein"]

1. Nf3 Nf6 2. g3 d5 3. Bg2 c5 4. b3 Bf5 5. O-O e6 6. Bb2 Be7 7. d3 Nbd7 8. c4
Qc7 9. Nc3 d4 10. Nb5 Qb6 11. a4 a6 12. a5 Qd8 13. Nbxd4 cxd4 14. Nxd4 Qc7 15.
Nxf5 exf5 16. Bc3 O-O 17. b4 Rab8 18. Qd2 h6 19. Bh3 Ng4 20. f3 Bg5 21. f4 Bf6
22. Bxg4 Bxc3 23. Qxc3 fxg4 24. e4 Rfd8 25. c5 Rbc8 26. Rac1 Qc6 27. Rfe1 Nf6
28. Re3 Rd7 29. Rb1 Qb5 30. Qc4 Qxc4 31. dxc4 Rd4 32. e5 Ne4 33. Rbe1 Nd2 34.
Rc1 Nxc4 35. Rec3 Nd2 36. c6 bxc6 37. Rxc6 Nf3+ 38. Kf2 Rxc6 39. Rxc6 Rxb4 40.
Rxa6 Rb2+ 41. Ke3 Rxh2 42. Ra8+ Kh7 43. Ra7 Kg6 44. Ra6+ Kf5 45. Ra7 Ke6 46.
Ra6+ Kd5 47. Rd6+ Kc5 48. Rd7 f5 49. a6 Ne1 50. a7 Nc2+ 51. Kd3 Nb4+ 52. Ke3
Ra2 53. e6 Ra3+ 54. Ke2 Kc6 55. Rxg7 Kd6 56. e7 Kd7 57. e8=Q+ Kxe8 58. a8=Q+
Rxa8 59. Rg8+ Kf7 60. Rxa8 Nd5 61. Ra7+ Kg6 62. Ra6+ Kg7 63. Rd6 Nc3+ 64. Kf1
Ne4 65. Rd3 Kg6 66. Kg2 h5 67. Ra3 Kg7 68. Ra6 Kh7 69. Re6 Kg7 70. Ra6 Kh7
1/2-1/2

[Event "24.Schlosspark-Open"]
[Site "Wiesbaden-Biebrich"]
[Date "2012.08.23"]
[Round "1.26"]
[White "Schellen, Sven"]
[Black "Bauer, Claus"]
[Result "0-1"]
[WhiteElo "1805"]
[BlackElo "2183"]
[PlyCount "68"]
[EventDate "2012.??.??"]
[WhiteTeam "Sfr. Frankfurt 1921"]
[BlackTeam "Sfr.Mainz 1928"]

1. d4 d6 2. c4 Nf6 3. Nc3 Nbd7 4. e4 e5 5. Nf3 Be7 6. g3 O-O 7. Bg2 c6 8. O-O
a6 9. d5 cxd5 10. exd5 Ne8 11. Be3 f5 12. Re1 g5 13. Qe2 Ng7 14. Nd1 g4 15. Nd2
Qe8 16. f4 gxf3 17. Bxf3 Qg6 18. Kh1 Kh8 19. Rf1 Nf6 20. Nc3 Bd7 21. Rae1 b5
22. Qd1 Rfc8 23. Be2 Rab8 24. cxb5 axb5 25. Nf3 Ng4 26. Bg1 Nh5 27. Bf2 Qh6 28.
h4 b4 29. Nb1 Nxf2+ 30. Rxf2 Nxg3+ 31. Kg1 Rg8 32. Rg2 Qe3+ 33. Kh2 Qf4 34. Kg1
Bd8 0-1

[Event "24.Schlosspark-Open"]
[Site "Wiesbaden-Biebrich"]
[Date "2012.08.23"]
[Round "1.27"]
[White "Commercon, Simon"]
[Black "Kirmeir, Andreas"]
[Result "1-0"]
[WhiteElo "2176"]
[BlackElo "1801"]
[PlyCount "25"]
[EventDate "2012.??.??"]
[WhiteTeam "SC Pirmasens 1912"]
[BlackTeam "SC Landskrone"]

1. d4 g6 2. e4 Bg7 3. c4 d6 4. Nc3 Nd7 5. f4 b6 6. Nf3 Bb7 7. Bd3 Ngf6 8. O-O
a6 9. e5 Ng4 10. Ng5 Nh6 11. e6 Nf8 12. d5 f6 13. Qa4+ 1-0

[Event "24.Schlosspark-Open"]
[Site "Wiesbaden-Biebrich"]
[Date "2012.08.23"]
[Round "1.28"]
[White "Windhaus, Dirk"]
[Black "Meyer, Stefan"]
[Result "0-1"]
[WhiteElo "1794"]
[BlackElo "2172"]
[PlyCount "120"]
[EventDate "2012.??.??"]
[WhiteTeam "SVG Eppstein 1932"]
[BlackTeam "SAbt TuS Dotzheim"]

1. c4 g6 2. Nf3 Bg7 3. Nc3 c5 4. g3 b6 5. Bg2 Bb7 6. O-O d6 7. d3 Nd7 8. Bd2 a6
9. Rb1 e6 10. b4 cxb4 11. Rxb4 Ne7 12. Qc1 Rc8 13. Bh6 Bf6 14. Bg5 Nf5 15. Bxf6
Qxf6 16. g4 Ne7 17. e4 Nc6 18. Rb1 Nd4 19. Ne1 Rb8 20. f4 O-O 21. Qd2 Qg7 22.
Kh1 Bc6 23. Ne2 Nc5 24. Nf3 Nxf3 25. Bxf3 b5 26. Rbc1 bxc4 27. Rxc4 Bb5 28. Rd4
Rfd8 29. Rc1 e5 30. fxe5 Qxe5 31. Rd5 Qe7 32. Nd4 Nxd3 33. Rxb5 Nxc1 34. Rxb8
Rxb8 35. Qxc1 Qf6 36. Qc3 Qf4 37. Ne2 Rb1+ 38. Kg2 Qg5 39. Qc8+ Kg7 40. Qxa6 h5
41. h3 hxg4 42. Bxg4 Qf6 43. Bf3 Qe5 44. Qd3 Rb2 45. a3 Ra2 46. Qd5 Rxa3 47.
Qxe5+ dxe5 48. Ng3 Ra2+ 49. Be2 Kf6 50. Kf3 Kg5 51. Kg2 Kf4 52. Kf2 Ra3 53. Nf1
Kxe4 54. Nd2+ Kf4 55. Nf3 e4 56. Ng1 g5 57. Bg4 f5 58. Be2 Ra2 59. Kg2 Ke3 60.
Kf1 Ra1+ 0-1